000 00328cam a22000977a 4500
008 180718b1955 xxu||||| |||| 00| 0 eng d
082 _aB711x5433 S
245 _aScheme for the reorganization of rural local government (as approved by the Councils of Ministers)
260 _aChandigarh
_bGovernment of Punjab
_c1955
300 _a32p.
999 _c488669
_d488669